000 00673nam a22002057a 4500
005 20250108121438.0
010 _aENG-143240
020 _c400.00
_a9788185984698
035 _aEN-126772
037 _bDBAD
082 _a332.6322
100 _aValliappan, Soma
_976089
245 _aBulls Bears :
_bAll About Shares/
_cBy Soma Valliappan
260 _aMadras
_bProductivity & Quality Publishing Private Limited
_c2015
270 _bMadras
_a38, Thanikachalam Road, T. Nagar, Madras
_e600017
_k044-24344519
_l044-24342009
_mservice@kkbooks.com
300 _a344p.
_c19cm(hbk)
700 _975508
700 _975509
942 _2ddc
_cEN
_h332.6322
_mVAL
999 _c208201
_d208201